000 00735nam0a22002531 4500
001 rc\4831933
005 20250612192413.0
021 _aRU
_b[57-25779]
035 _a(NLR Aleph) 008805754
090 _a8130361
_c8130361
100 _a20130426d1957 |||y0rusy50 ca
101 0 _arus
102 _aRU
105 _ay z |||a|
200 1 _aТатарские рассказы
_e[Переводы]
210 _aМосква
_cСов. писатель
_d1957
215 _a404 с.
_d20
300 _aНа обороте тит. л. сост.: Газиз Иделле
702 1 _aИделле
_bГ.
_gГазиз
_4220
801 0 _aRU
_bNLR
_gpsbo
801 1 _aRU
_bELAR
_2rusmarc
852 _aNLR
_j57-3/2045
942 _cBOOK
980 _aNB